Football - Tous les Clubs Français Professionnels - Statistiques

Statistiques générales
  • Ce quiz a été pris 661 fois
  • Le résultat moyen est 33 sur 46
Statistiques - réponses
Clubs % Correct
Olympique de Marseille
98%
Paris Saint-Germain
98%
Olympique Lyonnais
97%
LOSC Lille
94%
FC Nantes
91%
Stade Rennais
91%
OGC Nice
89%
Toulouse FC
89%
Girondins de Bordeaux
88%
RC Lens
88%
RC Strasbourg
88%
Stade Brestois 29
88%
AS Saint-Etienne
87%
AS Monaco
86%
Montpellier Hérault SC
83%
Paris FC
83%
Angers SCO
81%
FC Metz
80%
Stade de Reims
79%
FC Lorient
78%
Clermont Foot 63
77%
AC Ajaccio
76%
AJ Auxerre
75%
SC Bastia
73%
Le Havre AC
71%
DFCO Dijon
69%
Amiens SC
68%
Stade Malherbe Caen
68%
Grenoble Foot 38
67%
Nîmes Olympique
67%
EA Guingamp
64%
ESTAC Troyes
63%
AS Nancy-Lorraine
62%
Valenciennes FC
62%
FC Sochaux-Montbéliard
60%
USL Dunkerque
60%
Pau FC
58%
FC Annecy
56%
Stade Lavallois
53%
Le Mans FC
50%
Rodez Aveyron Football
49%
US Orléans
49%
Chamois Niortais FC
41%
FC Martigues
33%
La Berrichonne de Châteauroux
32%
US Quevilly-Rouen Métropole
26%
Aucun quiz correspondant
Distribution des résultats
% des personnes avec chaque résultat
Percentile par nombre de réponses
Votre historique - résultats
Vous n’avez pas pris ce quiz